Gớt thiên tài và số phận = Génie et destin de Goeth

সংরক্ষণ করুন:
গ্রন্থ-পঞ্জীর বিবরন
প্রধান লেখক: MARCEL BRION
বিন্যাস: গ্রন্থ
ভাষা:Undetermined
প্রকাশিত: Hà Nội CAND 2002
বিষয়গুলি:
ট্যাগগুলো: ট্যাগ যুক্ত করুন
কোনো ট্যাগ নেই, প্রথমজন হিসাবে ট্যাগ করুন!
Thư viện lưu trữ: Trung tâm Học liệu Trường Đại học Cần Thơ
LEADER 00530nam a2200181Ia 4500
001 CTU_48173
008 210402s9999 xx 000 0 und d
082 |a 831.092 
082 |b B858 
100 |a MARCEL BRION 
245 0 |a Gớt thiên tài và số phận 
245 0 |b = Génie et destin de Goeth 
245 0 |c MARCEL BRION; Dịch giả: Bích Lan 
260 |a Hà Nội 
260 |b CAND 
260 |c 2002 
650 |a poets, german - biography 
980 |a Trung tâm Học liệu Trường Đại học Cần Thơ